[Event "DSOL 04 Liga Gr-D 1st"]
[Site "Playchess.com INT"]
[Date "2020.07.10"]
[Round "3.3"]
[White "Weissberger, Karl"]
[Black "Binder, Andreas"]
[Result "0-1"]
[WhiteElo "1661"]
[BlackElo "1597"]
[PlyCount "52"]
[EventDate "2020.06.22"]
[EventType "team-tourn (rapid)"]
[EventCountry "GER"]
[SourceTitle "EXT 2021"]
[Source "ChessBase"]
[SourceDate "2020.10.23"]
[SourceVersion "1"]
[SourceVersionDate "2020.10.23"]
[SourceQuality "1"]
[WhiteTeam "Merzhausen Schwarz Weiss"]
[BlackTeam "Eutin"]
[WhiteTeamCountry "GER"]
[BlackTeamCountry "GER"]

1. Nf3 Nf6 2. g3 b6 3. Bg2 Bb7 4. d3 g6 5. e4 d5 6. e5 Nfd7 7. 0-0 e6 8. Bg5 Be7 9. Bh6 Nc6 10. d4 f6 11. Qe2 f5 12. c3 Rg8 13. Nbd2 g5 14. h3 Rg6 15. Bxg5 Bxg5 16. h4 Bh6 17. Nh2 Qe7 18. a4 a5 19. Rfd1 Ba6 20. Qf3 0-0-0 21. b3 Rf8 22. c4 Nxd4 23. Qd3 Qc5 24. Rac1 Nxe5 25. Qf1 Qb4 26. Qe1 Nd3 0-1